Skoki Narciarskie - Zdobywcy Podium z Japonii (2000-2009) - Statystyki

Ogólne statystyki
  • Ten quiz został rozwiązany 36 razy
  • Średni wynik to 6 z 9
Statystyki odpowiedzi
Podia Skoczek % Poprawnych
11 Noriaki Kasai
100%
3 Daiki Ito
94%
3 Kazuyoshi Funaki
88%
3 Takanobu Okabe
85%
2 Masahiko Harada
61%
3 Hideharu Miyahira
42%
1 Fumihisa Yumoto
33%
1 Hiroya Saito
30%
1 Kazuya Yoshioka
24%
Nie znaleziono quizów pasujących do podanych kryteriów
Rozkład punktacji
Procent ludzi z każdym wynikiem
Percentyl według liczby udzielonych odpowiedzi
Twoja historia wyników
Nie rozwiązałeś tego quizu